| 000 | 00785nas a2200241 454500 | ||
|---|---|---|---|
| 001 | 29600 | ||
| 005 | 20260407193508.0 | ||
| 008 | 260407s1995####ag###########|||spa#d | ||
| 003 | AR-UNSa-BCEJYS | ||
| 040 |
_aAR-UNSa-BCEJYS _bspa _cAR-UNSa-BCEJYS |
||
| 080 |
_a34 _xDerecho |
||
| 245 | 1 | 0 |
_aPlenario _ppublicación de la asociación de abogados de Buenos Aires |
| 264 | 1 |
_aBuenos Aires : _bAABA _c1995 |
|
| 310 | _aFrecuencia: Mensual | ||
| 041 | _aspa | ||
| 942 | _cSER | ||
| 590 | _aniveau_biblio:s niveau_hierar:1 | ||
| 100 | 1 | _aAsociación de Abogados de Buenos Aires | |
| 700 | 1 | _aMolina Quiroga, Eduardo | |
| 650 | _aDerecho | ||
| 650 | _aDOCTRINA | ||
| 856 | 4 | 1 |
_uhttps://biblioeco.unsa.edu.ar/pmb/images/revistas/Plenario-Hacer la Corte-r14293.jpg _yImagen de portada _qimage/jpeg |
| 999 |
_c8671 _d8671 |
||